000 00700nam a2200289Ia 4500
005 20260324134231.0
008 008 260324s9999 xx 000 0 eng d
020 _a9781315133560
037 _aEBOOK
040 _aCRL
040 _beng
040 _cCRL
041 _2eng
041 _aeng
084 _qCRL
100 _aH. Stuart Hughes
_91196065
245 4 _aThe Obstructed Path
245 0 _bFrench Social Thought in the Years of Desperation 1930-1960
260 _bTaylor and Francis
260 _c2002
365 _a
365 _b230
856 _uhttp://www.taylorfrancis.com/books/9781315133560
942 _cEBOOK
999 _c1795911
_d1795911